Adatfeldolgozási folyamatok nagyvállalati környezetben, automatizációs eszközök támogatásával

Bibliográfiai részletek
Szerző: Lengyel Dániel
További közreműködők: Kovács Dr. Endre
Nagy Ákos
Dokumentumtípus: Diplomadolgozat
Kulcsszavak:Programozási környezet
vállalatirányítás
adatfeldolgozás
Online Access:http://dolgozattar.uni-bge.hu/22529

MARC

LEADER 00000nta a2200000 i 4500
001 dolg22529
005 20190516174139.0
008 190516suuuu hu om 000 hun d
040 |a BGE Dolgozattár Repozitórium  |b hun 
041 |a hu 
100 1 |a Lengyel Dániel 
245 1 0 |a Adatfeldolgozási folyamatok nagyvállalati környezetben, automatizációs eszközök támogatásával  |c Lengyel Dániel  |h [elektronikus dokumentum] 
695 |a Programozási környezet 
695 |a vállalatirányítás 
695 |a adatfeldolgozás 
700 1 |a Kovács Dr. Endre  |e ths 
700 1 |a Nagy Ákos  |e ths 
856 4 0 |u http://dolgozattar.uni-bge.hu/22529/3/Szakdolgozat_Lengyel_Daniel_v34.pdf  |z Dokumentum-elérés 
856 4 0 |u http://dolgozattar.uni-bge.hu/22529/2/Titkos%C3%ADt%C3%A1si%20k%C3%A9relem.pdf  |z Dokumentum-elérés